Doctor Who Monster Quiz (2005-) (PICTURE QUIZ) - Statistics

General Stats
  • This quiz has been taken 93 times
    76 since last reset
  • The average score is 22 of 40
Answer Stats
Picture Hint Answer % Correct
'Nightmare in Silver' Cyberman
86%
'Resolution' Dalek
86%
'The Magician's Apprentice' & 'The Witch's Familiar' Davros
81%
'Partners in Crime' Adipose
78%
'New Earth' & 'Gridlock' Face of Boe
77%
'The Impossible Planet' Ood
77%
'The Impossible Astronaut' The Silence
77%
'Love & Monsters' Abzorbaloff
75%
'Aliens of London' Slitheen
72%
'The Poison Sky' Sontaran
72%
'Blink' Weeping Angel
72%
'Rose' Auton
70%
'The Day of the Doctor' Zygon
70%
'The Star Beast' Beep the Meep
66%
'The Stolen Earth' Judoon
66%
'Silence in the Library' Vashta Nerada
63%
'A Good Man Goes To War' Headless Monk
61%
'The Giggle' The Celestial Toymaker
61%
'The Doctor Dances' The Empty Child
56%
'The Christmas Invasion' Sycorax
53%
'The Hungry Earth' Silurian
52%
'Bad Wolf' & 'The Parting of the Ways' Anne Droid
50%
'The God's Complex' Minotaur
50%
'The School Reunion' Krillitane
47%
'Gridlock' Macra
44%
'The Shakespeare Code' Carrionite
42%
'The Girl in the Fireplace' Clockwork Robot
41%
'The Unquiet Dead' Gelth
41%
'The Runaway Bride' Racnoss
41%
'The Beast Below' Smiler
41%
'The Doctor's Daughter' Hath
39%
'The Pyramid at the End of the World' Monk
39%
'New Earth' & 'Gridlock' Catkind
38%
'The Voyage of the Damned' Heavenly Host
36%
'The Girl Who Waited' Handbots
34%
'The Crimson Horror' Mr Sweet
34%
'The Unicorn and the Wasp' Vespiform
34%
'The Christmas Invasion' Robot Santa
31%
'Smith and Jones' Plasmavore
28%
'Lets Kill Hitler' Teselecta
16%
No matching quizzes found
Score Distribution
Percent of People with Each Score
Percentile by Number Answered
Your Score History
You have not taken this quiz since the last reset